| 000 | 00500nam a22001817a 4500 | ||
|---|---|---|---|
| 005 | 20260423132954.0 | ||
| 008 | 260423b |||||||| |||| 00| 0 eng d | ||
| 020 |
_a9789384007652 _c795.00 |
||
| 040 | _aMAIN | ||
| 041 | _aEnglish | ||
| 082 |
_a620.5 _bSAN |
||
| 100 |
_aShanti, A. _926708 |
||
| 245 |
_aNano scope _b: An Introduction to Nanoscience and Nano photonics |
||
| 260 |
_aNew Delhi _bMedTech Science Press _c2026 |
||
| 300 | _a380 | ||
| 650 |
_aCommerce (PM USHA) _926705 |
||
| 942 | _cBK | ||
| 999 |
_c60704 _d60704 |
||